000 01132naa a22003137a 4500
001 BR7405001
003 BR-BrBNA
005 20240918173556.0
007 ta
008 230509b bl.||||| |||| 00| 0 por d
040 _aBR-BrBNA
_bpor
_cBiblioteca Nacional de Agricultura
041 _a(Pt)
072 _aK10
_b3240
_bG514
090 _aK10 BR7405001
100 1 _aOsse, L.
100 1 _aDe Conti, A.
111 1 _a2. Congresso Florestal Brasileiro
_cCuritiba, PR (Brazil)
_d17 Sep 1973
245 1 _aComportamento de Eucalyptus spp. na zona metalurgica de Minas Gerais [reflorestamento, desenvolvimento florestal, Brasil]
260 3 _aCuritiba, PR (Brasil):
_c1974.
500 _aAnais do 2. Congresso Florestal Brasileiro Curitiba, PR (Brasil): 1974. p. 47-51 (BR7405001-AM)K10
650 _aPRODUCAO FLORESTAL
650 _aEUCALIPTO
650 _aREFLORESTAMENTO
650 _aDESENVOLVIMENTO FLORESTAL
650 _aMINAS GERAIS
773 0 _tAnais do 2. Congresso Florestal Brasileiro
_wK10 BR7405001
_gCuritiba, PR (Brasil), 1974. p. 47-51
909 _a202404
_bLucia
_c55
_dLucia Elande
942 _cAM
_2AGRIS
999 _c305513
_d305513